| 000 | 012950000a22002890004500 | ||
|---|---|---|---|
| 003 | EG-GICUC | ||
| 005 | 20250223030052.0 | ||
| 008 | 090924s1997 ua d f m 000 0 eng d | ||
| 040 |
_aEG-GiCUC _beng _cEG-GiCUC |
||
| 041 | 0 | _aeng | |
| 049 | _aDeposite | ||
| 097 | _aM.Sc | ||
| 099 | _aCai01.10.14.M.Sc.1997.Ga.E | ||
| 100 | 0 | _aGamal Attia Abdelhamid Elsisy | |
| 245 | 1 | 0 |
_aEffect of season and contact with females on semen characteristics and testosterone hormone level in goats / _cGamal Attia Abdelhamid Elsisy ; Supervised M. S. S. Abdou , A. A. Salama , A. M. A. Abdelrazek |
| 246 | 1 | 5 | _aتأثير فصول السنة و مصاحبة الاناث على خصائص السائل المنوى و مستوى هرمون التستستيرون فى الماعز |
| 260 |
_aCairo : _bGamal Attia Abdelhamid Elsisy , _c1997 |
||
| 300 |
_a138 Leaves : _bcharts ; _c30cm |
||
| 502 | _aThesis(M.Sc.) - Cairo University - Faculty of Veterinary Medicine - Department of Theriogenology | ||
| 700 | 0 |
_aAbdelrazek Mahmoud Aly Abdelrazek , _eSupervisor |
|
| 700 | 0 |
_aAkeel Abdelshafy Salama , _eSupervisor |
|
| 700 | 0 |
_aMohamed Samy Sayed Abdou , _eSupervisor |
|
| 856 | _uhttp://172.23.153.220/th.pdf | ||
| 905 |
_aGihan _eCataloger |
||
| 905 |
_aNazla _eRevisor |
||
| 942 |
_2ddc _cTH |
||
| 999 |
_c26799 _d26799 |
||